000 00576nam a2200217Ia 4500
003 OSt
005 20220926042848.0
006 a|||||r|||| 00| 0
007 ta
008 220923b |||||||| |||| 00| 0 eng d
037 _cGeneral Book
040 _aRTL
_cRTL
_beng
041 _2eng
_aeng
082 _aX9J3:73:2:N5, H4
100 _aQURESHI Anwar Iqbal
_976826
245 0 _aPresent food situaiton in India
260 _c1944
650 _aFood Industry
942 _hX9J3:73:2:N5, H4
_cGB
_2CC
999 _c670729
_d670729